| 000 | 00322nam a2200121 4500 | ||
|---|---|---|---|
| 999 |
_c197249 _d197249 |
||
| 007 | dpl | ||
| 008 | 230818b ||||| |||| 00| 0 eng d | ||
| 022 | _a0253-7176 | ||
| 245 | _aIndian journal of psychological medicine | ||
| 260 |
_aNew Delhi _bSage _c2023 |
||
| 300 |
_avol.45,issue1 _bill. _c28cm |
||
| 942 |
_2ddc _cSR _mPSY _s1 |
||